| 000 | 00834nam a2200277Ia 4500 | ||
|---|---|---|---|
| 003 | OSt | ||
| 005 | 20220928132400.0 | ||
| 006 | a|||||r|||| 00| 0 | ||
| 007 | ta | ||
| 008 | 220927b |||||||| |||| 00| 0 eng d | ||
| 020 | _c5099.7498999999998 | ||
| 024 | _a118573 | ||
| 037 |
_b243, 12/02/2013, N.R.Book Distributors _cTextual |
||
| 040 |
_aSDCL _cSDCL _beng |
||
| 041 |
_2eng _aeng |
||
| 082 | _aG9M,11, Q3;2 | ||
| 100 | _aLodish Harvey | ||
| 245 | 0 | _aMolecular cell biology. | |
| 250 | _a7th | ||
| 260 |
_aNew York _b W.H Freeman and Company _c2013 |
||
| 300 |
_axxxiv,1154+various pagination _ccm. |
||
| 650 | _aPlant Molecular Biology | ||
| 700 | _a Berk Arnold | ||
| 942 |
_hG9M,11, Q3;2 _cTEXL _2CC |
||
| 999 |
_c794410 _d794410 |
||